[Event "Wuertemberg-ch U14"]
[Site "Germany"]
[Date "2004.04.17"]
[Round "7"]
[White "Filenberg, Maksim"]
[Black "Marquardt, Sven"]
[Result "1-0"]
[WhiteElo "1350"]
[BlackElo "1334"]
[PlyCount "96"]
[EventDate "2004.04.??"]
[EventType "swiss"]
[EventRounds "7"]
[EventCountry "GER"]
[SourceTitle "EXT 2005"]
[Source "ChessBase"]
[SourceDate "2004.11.15"]
[SourceVersion "1"]
[SourceVersionDate "2004.11.15"]
[SourceQuality "1"]

1. c4 c5 2. g3 g6 3. Bg2 Bg7 4. Nf3 Nc6 5. 0-0 Nf6 6. Nc3 0-0 7. d3 d6 8. e3 Bg4 9. Qd2 Qd7 10. b3 Bh3 11. d4 Bxg2 12. Kxg2 Qf5 13. dxc5 dxc5 14. Bb2 Ne4 15. Nxe4 Bxb2 16. Qxb2 Qxe4 17. Qe2 Ne5 18. Rad1 e6 19. a3 g5 20. h3 h5 21. g4 hxg4 22. hxg4 Qxg4+ 23. Kh1 Qh3+ 24. Nh2 g4 25. Rg1 f5 26. f3 Kf7 27. fxg4 fxg4 28. Rdf1+ Ke7 29. Rxf8 Rxf8 30. Qb2 g3 31. Rd1 Qxh2+ 32. Qxh2 gxh2 33. Kxh2 Ng4+ 34. Kg3 Nxe3 35. Rb1 Nc2 36. b4 cxb4 37. axb4 Na3 38. Ra1 Nxc4 39. Rxa7 Nd6 40. b5 Kd7 41. Ra5 Kc7 42. b6+ Kxb6 43. Re5 Rf6 44. Re1 Kc6 45. Kg4 Kd7 46. Kg5 Ke7 47. Rc1 Rf5+ 48. Kg4 Kd7 1-0

[Event "Wuertemberg-ch U14"]
[Site "Germany"]
[Date "2004.04.15"]
[Round "5"]
[White "Soeroes, Martin Wolfgang"]
[Black "Marquardt, Sven"]
[Result "1-0"]
[WhiteElo "1720"]
[BlackElo "1334"]
[PlyCount "35"]
[EventDate "2004.04.??"]
[EventType "swiss"]
[EventRounds "7"]
[EventCountry "GER"]
[SourceTitle "EXT 2005"]
[Source "ChessBase"]
[SourceDate "2004.11.15"]
[SourceVersion "1"]
[SourceVersionDate "2004.11.15"]
[SourceQuality "1"]

1. d4 Nf6 2. Nc3 d5 3. e4 dxe4 4. f3 exf3 5. Nxf3 Bf5 6. Ne5 Nbd7 7. Qf3 e6 8. Qxb7 Nxe5 9. dxe5 Nd5 10. Bb5+ Ke7 11. Nxd5+ exd5 12. 0-0 Ke6 13. Qc6+ Bd6 14. Bf4 Rb8 15. exd6 cxd6 16. Rae1+ Be4 17. Rxe4+ dxe4 18. Qxe4+ 1-0

[Event "Wuertemberg-ch U14"]
[Site "Germany"]
[Date "2004.04.14"]
[Round "4"]
[White "Reischmann, Tobias"]
[Black "Marquardt, Sven"]
[Result "0-1"]
[WhiteElo "1222"]
[BlackElo "1334"]
[PlyCount "150"]
[EventDate "2004.04.??"]
[EventType "swiss"]
[EventRounds "7"]
[EventCountry "GER"]
[SourceTitle "EXT 2005"]
[Source "ChessBase"]
[SourceDate "2004.11.15"]
[SourceVersion "1"]
[SourceVersionDate "2004.11.15"]
[SourceQuality "1"]

1. d4 Nf6 2. c4 g6 3. Nc3 Bg7 4. e4 d6 5. Nf3 0-0 6. Bg5 Bg4 7. Be2 Qd7 8. e5 Ne8 9. Nd5 e6 10. Nf6+ Nxf6 11. exf6 Bh8 12. c5 Qd8 13. 0-0 Bxf6 14. Bxf6 Qxf6 15. cxd6 cxd6 16. Qb3 b6 17. h3 Bf5 18. d5 e5 19. Rac1 Nd7 20. Rc7 Nc5 21. Qe3 Rfc8 22. Rxc8+ Rxc8 23. Rc1 Na4 24. Rxc8+ Bxc8 25. b3 Nc5 26. Qh6 Qg7 27. Qh4 f6 28. Nd2 Bb7 29. Bf3 Kf8 30. Nc4 Ke7 31. Qg4 Qf7 32. b4 Na6 33. Ne3 b5 34. a3 Nc7 35. Qe4 f5 36. Qc2 Kd7 37. a4 a6 38. axb5 axb5 39. Qa2 e4 40. Be2 h6 41. Qa7 Ba6 42. Qb6 Qf6 43. Nc2 Qc3 44. Nd4 Qc1+ 45. Kh2 Qf4+ 46. Kg1 Qe5 47. Qc6+ Kd8 48. Qxa6 Nxa6 49. Nc6+ Kc7 50. Nxe5 dxe5 51. Bxb5 Nxb4 52. Bc4 Kd6 53. Kf1 Nxd5 54. Bxd5 Kxd5 55. Ke2 Kd4 56. Kd2 g5 57. g3 f4 58. g4 f3 59. Kd1 Kd3 60. Ke1 Kc2 61. Kf1 Kd2 62. Kg1 Ke2 63. h4 gxh4 64. g5 hxg5 65. Kh2 Kxf2 66. Kh3 Kg1 67. Kg4 f2 68. Kxg5 h3 69. Kf5 h2 70. Kxe5 f1Q 71. Kd4 Qd1+ 72. Ke3 h1Q 73. Kf4 Qdf3+ 74. Ke5 Qhh5+ 75. Kd4 Qd3# 0-1

[Event "Wuertemberg-ch U14"]
[Site "Germany"]
[Date "2004.04.13"]
[Round "1"]
[White "Marquardt, Sven"]
[Black "Fichter, Fabian"]
[Result "1/2-1/2"]
[WhiteElo "1334"]
[BlackElo "1708"]
[PlyCount "102"]
[EventDate "2004.04.??"]
[EventType "swiss"]
[EventRounds "7"]
[EventCountry "GER"]
[SourceTitle "EXT 2005"]
[Source "ChessBase"]
[SourceDate "2004.11.15"]
[SourceVersion "1"]
[SourceVersionDate "2004.11.15"]
[SourceQuality "1"]

1. e4 c5 2. Nf3 e6 3. Nc3 a6 4. Be2 d6 5. d3 Nc6 6. Be3 b5 7. b3 Bb7 8. 0-0 Nf6 9. Nb1 Be7 10. Nbd2 0-0 11. c4 d5 12. Qc2 Nb4 13. Qb1 d4 14. Bg5 Nc6 15. Qc1 Nd7 16. Bxe7 Qxe7 17. h3 Rfc8 18. Nh2 e5 19. a3 b4 20. a4 Rf8 21. f4 Na5 22. f5 Rac8 23. Bd1 Bc6 24. Ndf3 Nf6 25. Qg5 Rfe8 26. Ng4 Nxg4 27. Qxg4 f6 28. Kh2 Red8 29. Bc2 Be8 30. Nd2 Qf7 31. Rf3 Rc7 32. Rb1 Kf8 33. Qh4 h6 34. g4 Ke7 35. Kg2 Kd6 36. Kf1 Bd7 37. Rf2 Rh8 38. Qh5 Qxh5 39. gxh5 Be8 40. Bd1 Nc6 41. Rg2 Nd8 42. h4 Bc6 43. Kf2 Nb7 44. Ke1 Re7 45. Bf3 Kc7 46. Kf2 Rd8 47. Ke1 Nd6 48. Kf2 Rdd7 49. Rb2 Kb6 50. Rg1 Ra7 51. Ra1 a5 1/2-1/2

[Event "Wuertemberg-ch U14"]
[Site "Germany"]
[Date "2004.04.13"]
[Round "2"]
[White "Reichert, Manuel"]
[Black "Marquardt, Sven"]
[Result "1/2-1/2"]
[WhiteElo "1331"]
[BlackElo "1334"]
[PlyCount "27"]
[EventDate "2004.04.??"]
[EventType "swiss"]
[EventRounds "7"]
[EventCountry "GER"]
[SourceTitle "EXT 2005"]
[Source "ChessBase"]
[SourceDate "2004.11.15"]
[SourceVersion "1"]
[SourceVersionDate "2004.11.15"]
[SourceQuality "1"]

1. c4 c5 2. Nc3 Nf6 3. g3 g6 4. Bg2 Bg7 5. e3 Nc6 6. Nge2 0-0 7. 0-0 d6 8. d4 Nd7 9. b3 f5 10. dxc5 Nxc5 11. Bb2 Be6 12. Nf4 Bf7 13. Qd2 Qd7 14. Rfd1 1/2-1/2

[Event "Wuerttemberg-ch U12"]
[Site "Ludwigsburg"]
[Date "2002.04.05"]
[Round "6"]
[White "Marquardt, Sven"]
[Black "Rapp, Michael"]
[Result "1-0"]
[WhiteElo "1144"]
[BlackElo "802"]
[PlyCount "73"]
[EventDate "2002.04.??"]
[EventType "swiss"]
[EventRounds "6"]
[EventCountry "GER"]
[SourceTitle "EXT 2003"]
[Source "ChessBase"]
[SourceDate "2002.11.25"]
[SourceVersion "1"]
[SourceVersionDate "2002.11.25"]
[SourceQuality "1"]

1. b3 e5 2. Bb2 Nc6 3. Nf3 d6 4. e4 Nf6 5. Nc3 Be7 6. Bc4 0-0 7. 0-0 Nd4 8. Nxd4 exd4 9. Ne2 Bg4 10. f3 Bd7 11. Nxd4 a6 12. a4 c5 13. Ne2 b5 14. axb5 axb5 15. Rxa8 Qxa8 16. Bxf6 Bxf6 17. Bd5 Bc6 18. Bxc6 Qxc6 19. Nf4 Bd4+ 20. Kh1 Qd7 21. c3 Be5 22. Nd5 Qe6 23. d4 cxd4 24. cxd4 Bf6 25. Qd3 Rb8 26. Ra1 Qc8 27. Nxf6+ gxf6 28. f4 Kg7 29. h3 Ra8 30. Rxa8 Qxa8 31. g3 Qa1+ 32. Kg2 Qa2+ 33. Kf3 b4 34. Qc4 Qd2 35. Kg4 Qd1+ 36. Kh4 Kh6 37. Qxf7 1-0

[Event "Wuerttemberg-ch U12"]
[Site "Ludwigsburg"]
[Date "2002.04.04"]
[Round "5"]
[White "Sandrou, Fotini"]
[Black "Marquardt, Sven"]
[Result "1/2-1/2"]
[WhiteElo "989"]
[BlackElo "1144"]
[PlyCount "43"]
[EventDate "2002.04.??"]
[EventType "swiss"]
[EventRounds "6"]
[EventCountry "GER"]
[SourceTitle "EXT 2003"]
[Source "ChessBase"]
[SourceDate "2002.11.25"]
[SourceVersion "1"]
[SourceVersionDate "2002.11.25"]
[SourceQuality "1"]

1. e4 e6 2. d4 d5 3. Nc3 Bb4 4. Bd3 Ne7 5. Bd2 0-0 6. Nf3 Nbc6 7. a3 Bxc3 8. Bxc3 Ng6 9. Qd2 Bd7 10. 0-0 dxe4 11. Bxe4 f5 12. Bxc6 Bxc6 13. Ng5 Qd5 14. f3 f4 15. Ne4 Rad8 16. b3 Qf5 17. Rfe1 e5 18. Qf2 b6 19. dxe5 Nxe5 20. Nd2 Qxc2 21. Rac1 Qa2 22. Ra1 1/2-1/2